[Event "Chigorin Memorial 27th"]
[Site "St Petersburg"]
[Date "2019.10.12"]
[Round "8"]
[White "Kotlyar, Anfisa"]
[Black "Timirev, Sergey"]
[Result "1/2-1/2"]
[WhiteElo "1118"]
[BlackElo "1613"]
[PlyCount "69"]
[EventDate "2019.10.05"]
[EventType "swiss"]
[EventRounds "9"]
[EventCountry "RUS"]
[SourceTitle "EXT 2021"]
[Source "ChessBase"]
[SourceDate "2020.10.23"]
[SourceVersion "1"]
[SourceVersionDate "2020.10.23"]
[SourceQuality "1"]

1. e4 c5 2. Nf3 Nc6 3. Bb5 e6 4. Bxc6 bxc6 5. b3 d5 6. d3 Nf6 7. Nbd2 Be7 8. Bb2 Ba6 9. Qe2 0-0 10. 0-0 Nd7 11. Ne5 Nxe5 12. Bxe5 Bf6 13. Bxf6 Qxf6 14. Nf3 Rfe8 15. Rfe1 Qc3 16. Qd2 Qxd2 17. Nxd2 Red8 18. Rac1 Kf8 19. f3 Rab8 20. Re2 c4 21. dxc4 dxc4 22. Nxc4 Bxc4 23. bxc4 Rb2 24. a3 Rd4 25. c3 Rdd2 26. Rxd2 Rxd2 27. Rb1 Rc2 28. Rb4 Rxc3 29. Ra4 e5 30. Kf2 f6 31. Kg3 a5 32. h4 h5 33. Kf2 Rc2+ 34. Kg3 Rc3 35. Kf2 1/2-1/2

[Event "Chigorin Memorial 27th"]
[Site "St Petersburg"]
[Date "2019.10.09"]
[Round "5"]
[White "Lezin, Aleksandr"]
[Black "Timirev, Sergey"]
[Result "0-1"]
[WhiteElo "1307"]
[BlackElo "1613"]
[PlyCount "67"]
[EventDate "2019.10.05"]
[EventType "swiss"]
[EventRounds "9"]
[EventCountry "RUS"]
[SourceTitle "EXT 2020"]
[Source "ChessBase"]
[SourceDate "2019.10.17"]
[SourceVersion "1"]
[SourceVersionDate "2019.10.17"]
[SourceQuality "1"]

1. e4 c5 2. d4 cxd4 3. c3 dxc3 4. Nxc3 Nc6 5. Nf3 d6 6. Bc4 e6 7. 0-0 Be7 8. Qe2 a6 9. Rd1 Qc7 10. Bf4 Nf6 11. e5 Nxe5 12. Nxe5 dxe5 13. Bxe5 Qb6 14. Rac1 0-0 15. Ne4 Nxe4 16. Qxe4 Rd8 17. Bd4 Qa5 18. Rd3 Qf5 19. Qe3 Bg5 20. Qg3 Qf4 21. Rcd1 Qxg3 22. hxg3 b5 23. Bb3 Bb7 24. f4 Be7 25. g4 Be4 26. Re3 Bd5 27. Red3 Bxb3 28. axb3 Bf6 29. Bxf6 Rxd3 30. Rxd3 gxf6 31. Rd6 Kf8 32. Kh2 Ke7 33. Rb6 Ra7 34. Rb8 0-1

[Event "St Petersburg Korchnoi Memorial op"]
[Site "St Petersburg"]
[Date "2019.08.22"]
[Round "9"]
[White "Timirev, Sergey"]
[Black "Romanov, Ivan I"]
[Result "1/2-1/2"]
[WhiteElo "1682"]
[BlackElo "1425"]
[PlyCount "71"]
[EventDate "2019.08.14"]
[EventType "swiss"]
[EventRounds "9"]
[EventCountry "RUS"]
[SourceTitle "CBM 192"]
[Source "ChessBase"]
[SourceDate "2019.10.31"]
[SourceVersion "1"]
[SourceVersionDate "2019.10.31"]
[SourceQuality "1"]

1. d4 d5 2. c4 c6 3. Nf3 Nf6 4. Nc3 e6 5. g3 dxc4 6. Bg2 Be7 7. 0-0 0-0 8. Ne5 Nbd7 9. Nxc4 Nb6 10. Ne5 Nbd5 11. e4 Nxc3 12. bxc3 Nd7 13. Nxd7 Qxd7 14. Qb3 Qc7 15. Bf4 Bd6 16. Bxd6 Qxd6 17. e5 Qc7 18. Qc4 Bd7 19. Rab1 Rac8 20. Be4 b6 21. Qd3 h6 22. f4 c5 23. d5 exd5 24. Bxd5 Bc6 25. Rbd1 Bxd5 26. Qxd5 Rfd8 27. Qf3 Kf8 28. Qe4 Rxd1 29. Rxd1 Rd8 30. Rd5 Rxd5 31. Qxd5 Ke7 32. Kf2 Qd7 33. c4 Qa4 34. Qb7+ Ke8 35. Qb8+ Ke7 36. Qb7+ 1/2-1/2

[Event "St Petersburg Korchnoi Memorial op"]
[Site "St Petersburg"]
[Date "2019.08.18"]
[Round "5"]
[White "Timirev, Sergey"]
[Black "Dushin, Nikolay"]
[Result "0-1"]
[WhiteElo "1682"]
[BlackElo "1890"]
[PlyCount "120"]
[EventDate "2019.08.14"]
[EventType "swiss"]
[EventRounds "9"]
[EventCountry "RUS"]
[SourceTitle "CBM 192"]
[Source "ChessBase"]
[SourceDate "2019.10.31"]
[SourceVersion "1"]
[SourceVersionDate "2019.10.31"]
[SourceQuality "1"]

1. d4 Nf6 2. c4 e6 3. g3 d5 4. Nf3 Bb4+ 5. Bd2 a5 6. Bg2 0-0 7. 0-0 Bxd2 8. Nbxd2 Nc6 9. e3 Qd6 10. a3 a4 11. Qc2 Bd7 12. Rad1 h6 13. e4 dxe4 14. Nxe4 Nxe4 15. Qxe4 Ne7 16. Ne5 Bc6 17. Nxc6 bxc6 18. Rfe1 Rfb8 19. Qc2 Rd8 20. Be4 Ra5 21. Qc3 Rda8 22. f4 Kf8 23. Rf1 Kg8 24. g4 Qd7 25. Bc2 g6 26. h3 Kh7 27. Kg2 R5a6 28. h4 Rb6 29. Rf2 Rab8 30. Bxa4 e5 31. fxe5 Qxg4+ 32. Qg3 Qxg3+ 33. Kxg3 Nf5+ 34. Kh3 Rxb2 35. Rdd2 Rxd2 36. Rxd2 Rd8 37. Bxc6 Nxd4 38. Bd5 Ne6 39. Rf2 Kg7 40. a4 g5 41. a5 Nf4+ 42. Rxf4 gxf4 43. a6 c6 44. Bxc6 Rd3+ 45. Kg4 Ra3 46. Kxf4 Rxa6 47. Bd5 Kf8 48. Kg4 Ke7 49. Kf5 Ra1 50. Kg4 Rg1+ 51. Kh5 Re1 52. Kxh6 Rxe5 53. Kg7 f5 54. h5 f4 55. Kg6 Re3 56. h6 Rg3+ 57. Kf5 f3 58. h7 f2 59. h8Q f1Q+ 60. Ke4 Qf3+ 0-1

[Event "St Petersburg Korchnoi Memorial op"]
[Site "St Petersburg"]
[Date "2019.08.17"]
[Round "4"]
[White "Aksenova, Maria"]
[Black "Timirev, Sergey"]
[Result "1-0"]
[WhiteElo "2008"]
[BlackElo "1682"]
[PlyCount "69"]
[EventDate "2019.08.14"]
[EventType "swiss"]
[EventRounds "9"]
[EventCountry "RUS"]
[SourceTitle "CBM 192"]
[Source "ChessBase"]
[SourceDate "2019.10.31"]
[SourceVersion "1"]
[SourceVersionDate "2019.10.31"]
[SourceQuality "1"]

1. d4 f5 2. Nc3 Nf6 3. Bg5 d5 4. f3 Nc6 5. Qd2 h6 6. Bxf6 exf6 7. e3 Be6 8. Nh3 g5 9. g3 Qd7 10. Nf2 0-0-0 11. 0-0-0 h5 12. f4 h4 13. Bb5 Bf7 14. Rdf1 gxf4 15. gxf4 Rg8 16. Rhg1 Bd6 17. Nd3 Be6 18. Qf2 Qh7 19. Bxc6 bxc6 20. Na4 Kd7 21. Nac5+ Ke7 22. Nxe6 Kxe6 23. h3 Rb8 24. c3 a5 25. Ne1 c5 26. Rxg8 Rxg8 27. c4 dxc4 28. Qc2 cxd4 29. Qxc4+ Ke7 30. Nf3 Qf7 31. Qa4 Bb4 32. Rd1 Qe8 33. Qc2 Bd6 34. Nxd4 Qb8 35. Nc6+ 1-0

[Event "St Petersburg Korchnoi Memorial op"]
[Site "St Petersburg"]
[Date "2019.08.15"]
[Round "2"]
[White "Osipov, Aleksandr"]
[Black "Timirev, Sergey"]
[Result "1-0"]
[WhiteElo "2000"]
[BlackElo "1682"]
[PlyCount "39"]
[EventDate "2019.08.14"]
[EventType "swiss"]
[EventRounds "9"]
[EventCountry "RUS"]
[SourceTitle "CBM 192"]
[Source "ChessBase"]
[SourceDate "2019.10.31"]
[SourceVersion "1"]
[SourceVersionDate "2019.10.31"]
[SourceQuality "1"]

1. d4 f5 2. e4 fxe4 3. Nc3 Nf6 4. Bg5 g6 5. h4 d5 6. h5 Bg7 7. h6 Bf8 8. f3 exf3 9. Nxf3 Bf5 10. Bd3 Bxd3 11. Qxd3 e6 12. 0-0 Be7 13. Rae1 0-0 14. Rxe6 Nc6 15. Ne5 Qc8 16. Rxe7 Nxe7 17. Rxf6 Rxf6 18. Bxf6 Qe6 19. Bxe7 Qxe7 20. Nxd5 1-0

[Event "St Petersburg Korchnoi Memorial op"]
[Site "St Petersburg"]
[Date "2018.08.20"]
[Round "6"]
[White "Mikhailov, Ivan1111"]
[Black "Timirev, Sergey"]
[Result "1-0"]
[WhiteElo "2047"]
[BlackElo "1791"]
[PlyCount "97"]
[EventDate "2018.08.15"]
[EventType "swiss"]
[EventRounds "9"]
[EventCountry "RUS"]
[SourceTitle "CBM 186 Extra"]
[Source "ChessBase"]
[SourceDate "2018.08.24"]
[SourceVersion "1"]
[SourceVersionDate "2018.08.24"]
[SourceQuality "1"]

1. d4 f5 2. c4 Nf6 3. Nf3 e6 4. e3 d5 5. Be2 c6 6. 0-0 Be7 7. b3 0-0 8. Ba3 Bxa3 9. Nxa3 Nbd7 10. Nc2 Qe7 11. Nce1 e5 12. dxe5 Nxe5 13. cxd5 Nxd5 14. Nxe5 Qxe5 15. Nd3 Qe7 16. Qc2 Kh8 17. Bf3 Be6 18. Rfe1 Nb4 19. Nxb4 Qxb4 20. Red1 Rad8 21. g3 Qa5 22. Qb2 h6 23. Kg2 Bd5 24. Bxd5 Rxd5 25. b4 Qd8 26. Qb3 Rxd1 27. Rxd1 Qe7 28. Qc4 Rd8 29. Rxd8+ Qxd8 30. Qc5 Qd3 31. a4 a6 32. a5 Qe4+ 33. Kg1 Qb1+ 34. Kg2 Qe4+ 35. f3 Qd3 36. e4 Qe2+ 37. Kh3 fxe4 38. Qf8+ Kh7 39. Qf5+ Kh8 40. fxe4 Qd1 41. e5 Qd4 42. Qf8+ Kh7 43. e6 Qe5 44. Qf7 Qd5 45. g4 Qd3+ 46. Kh4 Qe3 47. Qf5+ Kh8 48. Kh5 Qh3+ 49. Kg6 1-0

[Event "St Petersburg Summer op"]
[Site "St Petersburg"]
[Date "2016.08.24"]
[Round "8"]
[White "Grigoriev, Oleg"]
[Black "Timirev, Sergey"]
[Result "1-0"]
[WhiteElo "2033"]
[BlackElo "1693"]
[PlyCount "35"]
[EventDate "2016.08.17"]
[EventType "swiss"]
[EventRounds "9"]
[EventCountry "RUS"]
[SourceTitle "CBM 174 Extra"]
[Source "ChessBase"]
[SourceDate "2016.10.10"]
[SourceVersion "1"]
[SourceVersionDate "2016.10.10"]
[SourceQuality "1"]

1. e4 c5 2. Nf3 Nc6 3. d4 cxd4 4. Nxd4 Nf6 5. Nc3 d6 6. Bg5 Bd7 7. Qd2 Rc8 8. 0-0-0 Nxd4 9. Qxd4 Qa5 10. f4 Qc5 11. e5 dxe5 12. fxe5 e6 13. exf6 Qxg5+ 14. Kb1 Bc6 15. Ne4 Qd5 16. fxg7 Bxg7 17. Nd6+ Kf8 18. Qxd5 1-0

[Event "St Petersburg Summer op"]
[Site "St Petersburg"]
[Date "2016.08.17"]
[Round "1"]
[White "Timirev, Sergey"]
[Black "Dragun, Valentin"]
[Result "0-1"]
[WhiteElo "1693"]
[BlackElo "2151"]
[PlyCount "76"]
[EventDate "2016.08.17"]
[EventType "swiss"]
[EventRounds "9"]
[EventCountry "RUS"]
[SourceTitle "CBM 174 Extra"]
[Source "ChessBase"]
[SourceDate "2016.10.10"]
[SourceVersion "1"]
[SourceVersionDate "2016.10.10"]
[SourceQuality "1"]

1. d4 Nf6 2. Nf3 g6 3. c4 Bg7 4. Nc3 0-0 5. e4 d6 6. Be2 e5 7. dxe5 dxe5 8. Bg5 Nbd7 9. 0-0 h6 10. Be3 Ng4 11. Bd2 c6 12. b4 Qe7 13. Qb3 Rd8 14. h3 Ngf6 15. Be3 Nf8 16. c5 Nh5 17. Rfd1 Be6 18. Bc4 Qf6 19. Bxe6 Nxe6 20. Rxd8+ Rxd8 21. Rd1 Nhf4 22. Rxd8+ Qxd8 23. b5 Nd4 24. Nxd4 exd4 25. Bxf4 dxc3 26. bxc6 bxc6 27. Bd6 Qg5 28. e5 Qc1+ 29. Kh2 c2 30. e6 fxe6 31. Qxe6+ Kh7 32. Qc4 Qd2 33. Bf4 Qxf2 34. a4 Kh8 35. Bg3 Qd2 36. Bf4 Qc3 37. Qxc3 Bxc3 38. Bc1 Bf6 0-1

[Event "St Petersburg Blockade op"]
[Site "St Petersburg"]
[Date "2013.01.11"]
[Round "9"]
[White "Ngnegevo, Filipp"]
[Black "Timirev, Sergey"]
[Result "1/2-1/2"]
[WhiteElo "2016"]
[BlackElo "1817"]
[PlyCount "84"]
[EventDate "2013.01.03"]
[EventType "swiss"]
[EventRounds "9"]
[EventCountry "RUS"]
[SourceTitle "CBM 152 Extra"]
[Source "ChessBase"]
[SourceDate "2013.02.25"]
[SourceVersion "1"]
[SourceVersionDate "2013.02.25"]
[SourceQuality "1"]

1. e4 c5 2. Nf3 Nc6 3. d4 cxd4 4. Nxd4 Nf6 5. Nc3 d6 6. Be2 e5 7. Nb3 Be7 8. 0-0 0-0 9. Be3 Be6 10. f4 exf4 11. Bxf4 d5 12. exd5 Nxd5 13. Nxd5 Qxd5 14. Qxd5 Bxd5 15. Rad1 Be4 16. c3 Rad8 17. Bc4 Bc2 18. Rxd8 Rxd8 19. Bc7 Rf8 20. Bg3 Bg6 21. Rd1 Rd8 22. Rxd8+ Nxd8 23. Bd5 Bf5 24. Nd4 Bd7 25. Kf1 a6 26. Ke2 Nc6 27. Nxc6 Bxc6 28. Bxc6 bxc6 29. a4 Kf8 30. Kd3 Ke8 31. Bf2 Kd7 32. Kc4 Bd6 33. h3 h5 34. b4 g5 35. g4 hxg4 36. hxg4 Ke6 37. b5 cxb5+ 38. axb5 axb5+ 39. Kxb5 f5 40. gxf5+ Kxf5 41. Kc6 Ke6 42. c4 g4 1/2-1/2

[Event "St Petersburg Botvinnik Memorial op"]
[Site "St Petersburg"]
[Date "2012.08.31"]
[Round "7"]
[White "Timirev, Sergey"]
[Black "Levdansky, Alexey"]
[Result "1/2-1/2"]
[WhiteElo "1848"]
[BlackElo "1716"]
[PlyCount "70"]
[EventDate "2012.08.25"]
[EventType "swiss"]
[EventRounds "9"]
[EventCountry "RUS"]
[SourceTitle "CBM 150 Extra"]
[Source "ChessBase"]
[SourceDate "2012.10.19"]
[SourceVersion "1"]
[SourceVersionDate "2012.10.19"]
[SourceQuality "1"]

1. e4 c5 2. Nf3 Nc6 3. d4 cxd4 4. Nxd4 g6 5. c4 Nf6 6. Nc3 Bg7 7. Be3 0-0 8. Be2 d6 9. 0-0 Bd7 10. Rc1 h5 11. Nxc6 bxc6 12. Qd2 Re8 13. c5 dxc5 14. Bxc5 Bg4 15. Qxd8 Raxd8 16. f3 Bc8 17. Bxa7 Rd2 18. b3 Nd7 19. Rfe1 c5 20. Bb5 Bd4+ 21. Kh1 Rd8 22. Nd5 Kf8 23. Bxd7 Bxd7 24. Bxc5 Bxc5 25. Rxc5 Rxa2 26. b4 e6 27. Nf6 Kg7 28. Nxd7 Rxd7 29. h4 Rdd2 30. Rg1 Rab2 31. b5 Rd3 32. Rgc1 Rdd2 33. Rg1 Rd3 34. Rgc1 Rdd2 35. Rg1 Rd3 1/2-1/2

[Event "St Petersburg Botvinnik Memorial op"]
[Site "St Petersburg"]
[Date "2012.08.30"]
[Round "6"]
[White "Klimshin, Ilia"]
[Black "Timirev, Sergey"]
[Result "1-0"]
[WhiteElo "1678"]
[BlackElo "1848"]
[PlyCount "78"]
[EventDate "2012.08.25"]
[EventType "swiss"]
[EventRounds "9"]
[EventCountry "RUS"]
[SourceTitle "CBM 150 Extra"]
[Source "ChessBase"]
[SourceDate "2012.10.19"]
[SourceVersion "1"]
[SourceVersionDate "2012.10.19"]
[SourceQuality "1"]

1. e4 c5 2. Nf3 Nc6 3. d4 cxd4 4. Nxd4 Nf6 5. Nc3 e5 6. Nxc6 bxc6 7. Bc4 Be7 8. 0-0 0-0 9. Qf3 d6 10. h3 Be6 11. Bxe6 fxe6 12. Qe2 Qc7 13. Re1 Kh8 14. Bg5 Rab8 15. Nd1 Rfe8 16. c4 d5 17. exd5 exd5 18. cxd5 Nxd5 19. Bxe7 Rxe7 20. b3 e4 21. Rc1 Nf4 22. Qa6 c5 23. Rc3 Nd3 24. Re2 Rf8 25. Qc4 Rfe8 26. Ne3 Qd7 27. Nf1 Qd4 28. Ne3 Re5 29. Ng4 R5e6 30. Kh1 h5 31. Ne3 Re5 32. Rcc2 Rf8 33. Kh2 Rg5 34. Qe6 Rf6 35. Qe8+ Kh7 36. h4 Re5 37. Qa8 Re7 38. Nd5 Rxf2 39. Nxe7 Qe5+ 1-0

[Event "St Petersburg Botvinnik Memorial op"]
[Site "St Petersburg"]
[Date "2012.08.29"]
[Round "5"]
[White "Timirev, Sergey"]
[Black "Nikitinyh, Boris Aleksandrovic"]
[Result "0-1"]
[WhiteElo "1848"]
[BlackElo "2185"]
[PlyCount "54"]
[EventDate "2012.08.25"]
[EventType "swiss"]
[EventRounds "9"]
[EventCountry "RUS"]
[SourceTitle "CBM 150 Extra"]
[Source "ChessBase"]
[SourceDate "2012.10.19"]
[SourceVersion "1"]
[SourceVersionDate "2012.10.19"]
[SourceQuality "1"]

1. e4 c6 2. d4 d5 3. e5 Bf5 4. Nc3 e6 5. g4 Bg6 6. Nge2 f6 7. h4 Nd7 8. h5 Bf7 9. f4 Bb4 10. a3 Ba5 11. Be3 Bc7 12. Qd2 Ne7 13. 0-0-0 b5 14. Ng3 a5 15. Bd3 h6 16. Rdg1 Nb6 17. exf6 gxf6 18. g5 hxg5 19. fxg5 fxg5 20. Bxg5 b4 21. Nb1 Bd6 22. Qe2 Qc7 23. Qg4 bxa3 24. Nxa3 Rg8 25. h6 Rxg5 26. h7 Rxg4 27. h8Q+ Rg8 0-1

[Event "St Petersburg Botvinnik Memorial op"]
[Site "St Petersburg"]
[Date "2012.08.26"]
[Round "2"]
[White "Kukhmazov, Arsen"]
[Black "Timirev, Sergey"]
[Result "1-0"]
[WhiteElo "2154"]
[BlackElo "1848"]
[PlyCount "59"]
[EventDate "2012.08.25"]
[EventType "swiss"]
[EventRounds "9"]
[EventCountry "RUS"]
[SourceTitle "CBM 150 Extra"]
[Source "ChessBase"]
[SourceDate "2012.10.19"]
[SourceVersion "1"]
[SourceVersionDate "2012.10.19"]
[SourceQuality "1"]

1. d4 Nf6 2. c4 c5 3. d5 e6 4. Nc3 exd5 5. cxd5 d6 6. Nf3 g6 7. Bf4 a6 8. e4 Bg7 9. Qa4+ Bd7 10. Qb3 Bc8 11. Bxd6 Qxd6 12. e5 Qe7 13. d6 Be6 14. dxe7 Bxb3 15. exf6 Bxf6 16. axb3 Bxe7 17. Nd5 Bd8 18. Bb5+ Kf8 19. 0-0 Kg7 20. Ne5 f6 21. Nd3 Nc6 22. Nxc5 Ne7 23. Ne6+ Kf7 24. Ndc7 Bxc7 25. Nxc7 Rac8 26. Bc4+ Kg7 27. Ne6+ Kh6 28. Rad1 Nc6 29. Rd3 Ne5 30. Rh3# 1-0

[Event "St Petersburg Botvinnik Memorial op"]
[Site "St Petersburg"]
[Date "2012.08.25"]
[Round "1"]
[White "Timirev, Sergey"]
[Black "Zenzera, Alexey"]
[Result "0-1"]
[WhiteElo "1848"]
[BlackElo "2331"]
[PlyCount "80"]
[EventDate "2012.08.25"]
[EventType "swiss"]
[EventRounds "9"]
[EventCountry "RUS"]
[SourceTitle "CBM 150 Extra"]
[Source "ChessBase"]
[SourceDate "2012.10.19"]
[SourceVersion "1"]
[SourceVersionDate "2012.10.19"]
[SourceQuality "1"]

1. e4 c5 2. Nf3 e6 3. d4 cxd4 4. Nxd4 a6 5. Bd3 Bc5 6. Nb3 Be7 7. 0-0 Nc6 8. Be3 Nf6 9. f4 d6 10. Nc3 0-0 11. a4 b6 12. Nd4 Nxd4 13. Bxd4 e5 14. fxe5 dxe5 15. Bxe5 Ng4 16. Bf4 Qd4+ 17. Kh1 Nf2+ 18. Rxf2 Qxf2 19. Nd5 Bd8 20. Bd6 Re8 21. Qh5 g6 22. Qh6 Ra7 23. e5 Qd4 24. Nf4 Qe3 25. Rf1 Be7 26. h4 Rd7 27. e6 Bxd6 28. exd7 Bxd7 29. h5 Bf8 30. Qg5 Qe5 31. Qxe5 Rxe5 32. hxg6 hxg6 33. Bxa6 Bxa4 34. b3 Bc6 35. Bd3 Bd6 36. Rd1 Bc5 37. Bc4 Rf5 38. Nh3 Rh5 39. Rd3 b5 40. Rd8+ Kg7 0-1

[Event "St Petersburg White Nights op"]
[Site "St Petersburg"]
[Date "2012.06.09"]
[Round "8"]
[White "Timirev, Sergey"]
[Black "Gavrilov, Mikhail"]
[Result "0-1"]
[WhiteElo "1779"]
[BlackElo "1850"]
[PlyCount "88"]
[EventDate "2012.06.02"]
[EventType "swiss"]
[EventRounds "9"]
[EventCountry "RUS"]
[SourceTitle "CBM 148 Extra"]
[Source "ChessBase"]
[SourceDate "2012.06.22"]
[SourceVersion "1"]
[SourceVersionDate "2012.06.22"]
[SourceQuality "1"]

1. e4 e6 2. d4 d5 3. Nc3 Nf6 4. Bg5 Bb4 5. e5 h6 6. Bd2 Bxc3 7. bxc3 Ne4 8. Qg4 Kf8 9. h4 Nxd2 10. Kxd2 c5 11. Rh3 c4 12. Rg3 Rg8 13. Nh3 Nc6 14. Nf4 Ne7 15. Be2 Nf5 16. Rf3 b5 17. a3 a5 18. Qh3 Ke8 19. h5 Qg5 20. g4 Ne7 21. Rh1 Nc6 22. Qh4 Qxh4 23. Rxh4 b4 24. Rh1 bxa3 25. Ra1 Rb8 26. Rg3 a2 27. Rxa2 Rb1 28. g5 hxg5 29. Rxg5 Kf8 30. Bf3 Bd7 31. Nxd5 exd5 32. Bxd5 Rh8 33. Bxc4 Rh1 34. d5 Nd8 35. Rxa5 R8xh5 36. Rxh5 Rxh5 37. Ra8 Ke8 38. f4 Rh4 39. Ke3 g5 40. Kd4 Rxf4+ 41. Kc5 Re4 42. Bd3 Rxe5 43. Kd6 Rxd5+ 44. Kxd5 Bc6+ 0-1

[Event "St Petersburg White Nights op"]
[Site "St Petersburg"]
[Date "2012.06.04"]
[Round "3"]
[White "Gantsevich, Aleksey A"]
[Black "Timirev, Sergey"]
[Result "0-1"]
[WhiteElo "1599"]
[BlackElo "1779"]
[PlyCount "86"]
[EventDate "2012.06.02"]
[EventType "swiss"]
[EventRounds "9"]
[EventCountry "RUS"]
[SourceTitle "CBM 148 Extra"]
[Source "ChessBase"]
[SourceDate "2012.06.22"]
[SourceVersion "1"]
[SourceVersionDate "2012.06.22"]
[SourceQuality "1"]

1. e4 c5 2. Nf3 Nc6 3. d4 cxd4 4. Nxd4 Nf6 5. Nc3 e5 6. Nb3 Bb4 7. f3 d5 8. a3 Bxc3+ 9. bxc3 dxe4 10. Be3 0-0 11. Nc5 Qxd1+ 12. Rxd1 exf3 13. gxf3 b6 14. Nb3 Bf5 15. Rd2 Rad8 16. Rg1 Rxd2 17. Kxd2 Nd5 18. Bh6 Bg6 19. Bg5 Kh8 20. Bb5 Nde7 21. Kc1 f6 22. Be3 Rd8 23. Rd1 Rxd1+ 24. Kxd1 Bh5 25. Be2 Nd5 26. Kd2 Nxe3 27. Kxe3 f5 28. c4 Bf7 29. f4 g6 30. Kf2 Kg7 31. Ke3 Kf6 32. h4 h6 33. c5 exf4+ 34. Kxf4 g5+ 35. hxg5+ hxg5+ 36. Ke3 Bd5 37. cxb6 axb6 38. c4 f4+ 39. Kf2 Be6 40. Nd2 Ke5 41. Nf3+ Kf6 42. Nh2 Ne5 43. c5 bxc5 0-1

[Event "St Petersburg Spring op"]
[Site "St Petersburg"]
[Date "2012.03.25"]
[Round "4"]
[White "Timirev, Sergey"]
[Black "Petrochenko, Maria"]
[Result "1/2-1/2"]
[WhiteElo "1808"]
[BlackElo "1576"]
[PlyCount "78"]
[EventDate "2012.03.22"]
[EventType "swiss"]
[EventRounds "9"]
[EventCountry "RUS"]
[SourceTitle "EXT 2013"]
[Source "ChessBase"]
[SourceDate "2012.11.22"]
[SourceVersion "1"]
[SourceVersionDate "2012.11.22"]
[SourceQuality "1"]

1. d4 d5 2. c4 c6 3. Nc3 Nf6 4. Nf3 e6 5. cxd5 exd5 6. Bg5 Be7 7. e3 0-0 8. Bd3 h6 9. Bh4 Nbd7 10. Qc2 Re8 11. 0-0 Ne4 12. Bxe7 Qxe7 13. Rab1 Ndf6 14. Ne5 Nxc3 15. bxc3 Nd7 16. Nxd7 Qxd7 17. e4 dxe4 18. Bxe4 Qd6 19. Bh7+ Kh8 20. Bd3 b6 21. Rfe1 Bd7 22. Rbd1 Kg8 23. h3 Rxe1+ 24. Rxe1 Re8 25. Rxe8+ Bxe8 26. Qe2 Bd7 27. h4 Qe6 28. Qxe6 Bxe6 29. a3 Kf8 30. f4 Ke7 31. Kf2 Kd6 32. Ke3 c5 33. c4 cxd4+ 34. Kxd4 Bd7 35. Be2 Be6 36. g4 f6 37. g5 hxg5 38. fxg5 fxg5 39. hxg5 Bf5 1/2-1/2

[Event "St Petersburg Blockade op"]
[Site "St Petersburg"]
[Date "2012.01.09"]
[Round "7"]
[White "Klimshin, Ilia"]
[Black "Timirev, Sergey"]
[Result "1/2-1/2"]
[WhiteElo "1724"]
[BlackElo "1803"]
[PlyCount "60"]
[EventDate "2012.01.03"]
[EventType "swiss"]
[EventRounds "9"]
[EventCountry "RUS"]
[SourceTitle "EXT 2014"]
[Source "ChessBase"]
[SourceDate "2013.11.20"]
[SourceVersion "1"]
[SourceVersionDate "2013.11.20"]
[SourceQuality "1"]

1. e4 Nf6 2. e5 Nd5 3. c4 Nb6 4. c5 Nd5 5. Bc4 e6 6. d4 d6 7. cxd6 cxd6 8. Nf3 Nc6 9. 0-0 Be7 10. Re1 Nb6 11. Bb3 dxe5 12. dxe5 0-0 13. Nc3 Bb4 14. Bg5 Qxd1 15. Rexd1 h6 16. Bh4 Nd7 17. Bg3 Nc5 18. Bc2 Bd7 19. Ne2 Rfd8 20. a3 Ba5 21. b4 Bxb4 22. axb4 Nxb4 23. Ned4 Nxc2 24. Nxc2 Ba4 25. Rxd8+ Rxd8 26. Ne3 b5 27. h3 h5 28. Ra2 Ne4 29. Ra3 Nc5 30. Ra2 Ne4 1/2-1/2